000 00254nam a22000977a 4500
999 _c263020
_d263019
020 _a9780763688264
100 _aShannon Hale
245 _aThe princess in black and the mysterious playdate
260 _aSomerville
_b Candlewick Press
_c2017
942 _cBK